Fußball: Bundesligisten Saison 2021/22 - Statistiken

Allgemein
  • Dieses Quiz wurde 321 mal gespielt
  • Das Durchschnittsergebnis liegt bei 14 aus 18
Antwortstatistiken
Platzierung Mannschaft Punkte % Korrekt
2 Borussia Dortmund 69
98%
1 FC Bayern München 77
98%
4 RB Leipzig 58
93%
5 1. FC Union Berlin 57
91%
3 Bayer 04 Leverkusen 64
90%
11 Eintracht Frankfurt 42
83%
6 SC Freiburg 55
82%
7 1. FC Köln 52
79%
14 FC Augsburg 38
78%
15 VfB Stuttgart 33
78%
12 VfL Wolfsburg 42
78%
10 Borussia Mönchengladbach 45
74%
16 Hertha BSC 33
74%
9 TSG Hoffenheim 46
71%
17 Arminia Bielefeld 28
68%
13 VfL Bochum 42
68%
8 1. FSV Mainz 05 46
66%
18 SpVgg Greuther Fürth 18
66%
Keine übereinstimmenden Quizze gefunden
Verteilung der Resultate
Anzahl Personen mit jedem Resultat
Perzentil nach korrekt beantworteten Fragen
Ihre Resultats-Entwicklung
Sie haben dieses Quiz noch nicht gespielt